000 00924 a2200229 4500
001 63167
005 20260407155927.0
008 260407a1981 arg spa d
003 AR-UNSa-BCEJYS
040 _aAR-UNSa-BCEJYS
_bspa
_cAR-UNSa-BCEJYS
080 _a657.474.57
_xMétodos de cálculo. Estimación de costos
245 1 0 _aLos costos en el transporte urbano de pasajeros
264 1 _aBuenos Aires :
_bEdiciones Macchi
_c1981
300 _a72 p.
_c22 cm.
505 _a1. Introducción - 2. Costos periódicos – 3. Costos vinculados al kilometraje recorrido – 4. Costos vinculados al pasajero transportado – 5. Componentes financieros del valor de la tierra – 6. Un ejemplo numérico – 7. Análisis C.V.U –
041 _aspa
942 _cBK
590 _aniveau_biblio:m niveau_hierar:0
100 1 _aYardin, Amaro Ramón
700 1 _aRodríguez Jauregui, Hugo A.
700 1 _aCuesta, Norberto
999 _c8008
_d8008